The Original Louisville Slugger: The Life And Times Of Forgotten Baseball Legend Pete Browning (Record no. 1710377)

MARC details
000 -LEADER
fixed length control field 00667nam a2200265Ia 4500
005 - DATE AND TIME OF LATEST TRANSACTION
control field 20260306163515.0
008 - FIXED-LENGTH DATA ELEMENTS--GENERAL INFORMATION
fixed length control field 008 260114s9999 xx 000 0 eng d
020 ## - INTERNATIONAL STANDARD BOOK NUMBER
International Standard Book Number 9781985900882
037 ## - SOURCE OF ACQUISITION
Stock number EBOOK
040 ## - CATALOGING SOURCE
Original cataloging agency CRL
040 ## - CATALOGING SOURCE
Language of cataloging eng
040 ## - CATALOGING SOURCE
Transcribing agency CRL
041 ## - LANGUAGE CODE
Source of code eng
041 ## - LANGUAGE CODE
Language code of text/sound track or separate title eng
084 ## - COLON CLASSIFICATION NUMBER
Assigning agency CRL
100 ## - MAIN ENTRY--PERSONAL NAME
Personal name Newby
245 #4 - TITLE STATEMENT
Title The Original Louisville Slugger: The Life And Times Of Forgotten Baseball Legend Pete Browning
260 ## - PUBLICATION, DISTRIBUTION, ETC.
Name of publisher, distributor, etc. University Press of Kentucky
260 ## - PUBLICATION, DISTRIBUTION, ETC.
Date of publication, distribution, etc. 2025
650 ## - SUBJECT ADDED ENTRY--TOPICAL TERM
Topical term or geographic name entry element Social Work
856 ## - ELECTRONIC LOCATION AND ACCESS
Uniform Resource Identifier <a href="https://academic.oup.com/book/59353">https://academic.oup.com/book/59353</a>
942 ## - ADDED ENTRY ELEMENTS (KOHA)
Koha item type eBooks
Holdings
Withdrawn status Lost status Damaged status Not for loan Home library Current library Date acquired Total Checkouts Barcode Date last seen Price effective from Koha item type
        Central Library Central Library 2026-03-06   CL2002898 2026-03-06 2026-03-06 eBooks
Copyright @ Delhi University Library System